000
00207nam a2200073Ia 4500
008
170524s9999 xx 000 0 und d
100
_a
CHANDRA- PRASANNA
245
0
_a
INVESTMENT ANALYSIS AND PORTFOLIO MANAGEMENT
260
_b
TATA MCGRAW HILL
999
_c
8096
_d
8096